Представление документа в формате RUSMARC

ПолеНазваниеЗначение
  Тип записи a
  Библиографический уровень m
001 Контрольный номер RU/IS/BASE/453207005
005 Дата корректировки 20240207193148.4
010 Индекс ISBN __
a ISBN 5-9667-0247-0
d Цена 15 р. 00 к.
9 Тираж 9500 экз.
100 Данные общей обработки __
a Данные общей обработки 20140512d2014 ||| 0rusy0189 ca
101 Язык документа 0_
a Язык текста rus
102 Страна публикации __
a Страна публикации RU
105 Кодированные данные (монография) __
a Кодированные данные (монография) y###||||000|y
200 Заглавие и сведения об ответственности 1_
a Заглавие Тренировочные тексты по литературе (ХVIII - начало ХIХ века)
b Общее обозначение материала Текст
f Первые сведения об ответственности С. В. Волков, Р. А. Храмцова
210 Выходные данные 1_
a Место издания Москва
c Издательство Чистые пруды
d Дата издания 2006
215 Физическое описание __
a Объем 29 с.
d Формат 20,5 см.
225 Серия 1_
a Серия Библиотечка "Первого сентября". Литература; вып. 6(12)
606 Тематические рубрики 1_
a Основная рубрика Педагогика - Литература - Методика преподавания в средней школе
610 Ключевые слова 1_
a Ключевые слова литература
a Ключевые слова методика преподавания литературы
a Ключевые слова преподавание в школе
a Ключевые слова тексты тренировочные
686 Индексы других классификаций __
a Классификационный индекс 74.268.3
2 Код системы rubbk
700 Автор _1
a Фамилия Волков
b Имя (инициалы) Сергей Владимирович
801 Источник записи _0
a Страна RU
b Организация Ульяновская ОБДЮ
c Дата составления 20140512
g Правила каталогизации RCR
801 Источник записи _1
a Страна RU
b Организация Ульяновская ОБДЮ
c Дата составления 20140512
g Правила каталогизации RCR
852 Данные о местонахождении __
a Наименование организации Ульяновская ОБДЮ
i Авторский знак В 67
j Шифр хранения 74.26
901 Тип документа __
t Тип документа m
910 Корректоры записи __
a Корректор записи Рябова
919 __
a Рябова
938 Служебная информация __
a Имя БД MarkBase